MARC details
| 000 -CABECERA |
| campo de control de longitud fija |
01479cam a2200289 a 4500 |
| 001 - NÚMERO DE CONTROL |
| campo de control |
000015259 |
| 003 - IDENTIFICADOR DEL NÚMERO DE CONTROL |
| campo de control |
DO-SdBNP |
| 005 - FECHA Y HORA DE LA ÚLTIMA TRANSACCIÓN |
| campo de control |
20240221120209.0 |
| 008 - DATOS DE LONGITUD FIJA--INFORMACIÓN GENERAL |
| campo de control de longitud fija |
861110m19651968pr 001 0 spa d |
| 040 ## - FUENTE DE LA CATALOGACIÓN |
| Centro catalogador/agencia de origen |
DO-SdBNP |
| Lengua de catalogación |
spa |
| Centro/agencia transcriptor |
BNPHU |
| 082 ## - NÚMERO DE LA CLASIFICACIÓN DECIMAL DEWEY |
| Número de clasificación |
972.95 |
| Número de documento/Ítem |
S194a |
| 110 1# - ENTRADA PRINCIPAL--NOMBRE DE ENTIDAD CORPORATIVA |
| Nombre de entidad corporativa o nombre de jurisdicción como elemento de entrada |
San Juan (Puerto Rico). |
| Unidad subordinada |
Cabildo Municipal |
| 9 (RLIN) |
34518 |
| 245 10 - MENCIÓN DE TÍTULO |
| Título |
Actas del cabildo de San Juan Bautista de Puerto Rico / |
| Mención de responsabilidad, etc. |
transcripción, redacción de notas marginales, índices y revisión del trabajo de imprenta por Aida Caro de Delgado. |
| 260 ## - PUBLICACIÓN, DISTRIBUCIÓN, ETC. |
| Lugar de publicación, distribución, etc. |
San Juan, Puerto Rico : |
| Nombre del editor, distribuidor, etc. |
Municipio, |
| Fecha de publicación, distribución, etc. |
1965-1968. |
| 300 ## - DESCRIPCIÓN FÍSICA |
| Extensión |
v. ; |
| Dimensiones |
25 cm. |
| 500 ## - NOTA GENERAL |
| Nota general |
Incluye índices de materia, onomástico, toponómico y de cabildos.. |
| 500 ## - NOTA GENERAL |
| Nota general |
Incluye referencias bibliográficas y notas al pie de las páginas. |
| 505 0# - NOTA DE CONTENIDO CON FORMATO |
| Información miscelánea |
v. 1. |
| Título |
1730 - 1750. -- |
| Información miscelánea |
v. 4. |
| Título |
1767-1771. -- |
| Información miscelánea |
v. 6. |
| Título |
1774-1777. -- |
| Información miscelánea |
v. 7. |
| Título |
1777-1781. -- |
| Información miscelánea |
v. 9. |
| Título |
1785-1789. -- |
| Información miscelánea |
v. 10. |
| Título |
1792-1798. -- |
| Información miscelánea |
v. 13. |
| Título |
1809-1810. -- |
| Información miscelánea |
v. 15. |
| Título |
1812-1814. -- |
| Información miscelánea |
v. 17. |
| Título |
1815-1817. |
| 562 ## - NOTA DE IDENTIFICACIÓN DE LA COPIA Y VERSIÓN |
| Marcas de identificación |
El volumen 1 posee una dedicatoria al Dr. Joaquín Balaguer realizada por Eugenio Santiago, firmada en el 1971. |
| 650 14 - PUNTO DE ACCESO ADICIONAL DE MATERIA--TÉRMINO DE MATERIA |
| Término de materia o nombre geográfico como elemento de entrada |
Cabildo de San Juan Bautista |
| Subdivisión geográfica |
Puerto Rico |
| Subdivisión general |
Historia |
| 9 (RLIN) |
34521 |
| 650 14 - PUNTO DE ACCESO ADICIONAL DE MATERIA--TÉRMINO DE MATERIA |
| Término de materia o nombre geográfico como elemento de entrada |
Ordenanzas municipales |
| Subdivisión geográfica |
Puerto Rico |
| 9 (RLIN) |
34522 |
| 650 14 - PUNTO DE ACCESO ADICIONAL DE MATERIA--TÉRMINO DE MATERIA |
| Término de materia o nombre geográfico como elemento de entrada |
Gobierno local |
| Subdivisión geográfica |
Puerto Rico |
| Subdivisión cronológica |
1774-1817 |
| 9 (RLIN) |
34523 |
| 651 14 - PUNTO DE ACCESO ADICIONAL DE MATERIA--NOMBRE GEOGRÁFICO |
| Nombre geográfico |
Puerto Rico |
| Subdivisión general |
Administración |
| -- |
Historia |
| 9 (RLIN) |
34519 |
| 651 10 - PUNTO DE ACCESO ADICIONAL DE MATERIA--NOMBRE GEOGRÁFICO |
| Nombre geográfico |
San Juan (J. P.) |
| 9 (RLIN) |
34520 |
| 700 1# - PUNTO DE ACCESO ADICIONAL--NOMBRE DE PERSONA |
| Nombre de persona |
Caro Costas, Aida R. |
| 9 (RLIN) |
5515 |
| 942 ## - ELEMENTOS DE PUNTO DE ACCESO ADICIONAL (KOHA) |
| Fuente del sistema de clasificación o colocación |
Dewey Decimal Classification |
| Tipo de ítem Koha |
Libro |